Statistics for Cartoon Characters #3

Click here to take the quiz!

General Stats

  • This quiz has been taken 15,620 times
  • The average score is 16 of 24

Answer Stats

Clue Character % Correct
Deer whose mother was killed by a hunterBambi
95%
Lasagna-loving catGarfield
94%
"What's up, doc?"Bugs Bunny
93%
Bruce Wayne's alter egoBatman
91%
Looney Tunes character
who whirls around in a dust devil
Taz
89%
Andy Davis's toy cowboyWoody
83%
Rocky's moose friendBullwinkle
74%
Ferb's step-brotherPhineas Flynn
71%
For a long time, the only female SmurfSmurfette
70%
Stimpy's friendRen Höek
70%
Alvin's bespectacled chipmunk brotherSimon
69%
Can leap tall buildings in a single boundSuperman
68%
Yogi's smaller companionBoo Boo
68%
Scratchy's tormentorItchy
67%
Wallace's claymated dogGromit
65%
Matricidal Family Guy characterStewie Griffin
58%
Snoopy's bird friendWoodstock
58%
Kleptomaniac robot from FuturamaBender
57%
WALL-E's girlfriendEVE
57%
Balloon-like Pokemon
that evolves into Wigglytuff
Jigglypuff
53%
Cheetos' mascotChester Cheetah
47%
Short, nearly-blind old guy who is
oblivious to his surroundings
Mr. Magoo
42%
Fixes the damage caused
by Wreck-It-Ralph
Fix-it Felix
36%
The Jetsons' robot maidRosie
27%

Score Distribution

Percentile by Number Answered

Percent of People with Each Score

Your Score History

You have not taken this quiz